All Chappell Roan songs : April 2025 - Statistics

General Stats
  • This quiz has been taken 88 times
    14 since last reset
  • The average score is 15 of 24
Answer Stats
Album Track Answer % Correct
The Rise and Fall of a Midwest Princess 4 Coffee
92%
Singles 4 Good Luck, Babe!
92%
Singles 5 The Giver
92%
The Rise and Fall of a Midwest Princess 1 Femininomenon
85%
The Rise and Fall of a Midwest Princess 12 Naked In Manhattan
85%
The Rise and Fall of a Midwest Princess 11 Pink Pony Club
85%
The Rise and Fall of a Midwest Princess 2 Red Wine Supernova
85%
The Rise and Fall of a Midwest Princess 13 California
77%
The Rise and Fall of a Midwest Princess 5 Casual
77%
The Rise and Fall of a Midwest Princess 8 My Kink Is Karma
77%
The Rise and Fall of a Midwest Princess 3 After Midnight
69%
The Rise and Fall of a Midwest Princess 7 HOT TO GO!
69%
The Rise and Fall of a Midwest Princess 10 Kaleidoscope
69%
The Rise and Fall of a Midwest Princess 6 Super Graphic Ultra Modern Girl
69%
Singles 3 Love Me Anyway
54%
The Rise and Fall of a Midwest Princess 14 Guilty Pleasure
38%
The Rise and Fall of a Midwest Princess 9 Picture You
38%
Singles 2 School Nights
38%
School Nights 4 Sugar High
38%
School Nights 1 Die Young
31%
School Nights 5 Bad for You
23%
Singles 1 Bitter
23%
School Nights 2 Good Hurt
23%
School Nights 3 Meantime
23%
No matching quizzes found
Score Distribution
Percent of People with Each Score
Percentile by Number Answered
Your Score History
You have not taken this quiz since the last reset